[Event "SVK-chT2A 1920"]
[Site "Slovakia"]
[Date "2020.01.26"]
[Round "7.6"]
[White "Valovic, Matus"]
[Black "Chlpek, Daniel"]
[Result "1/2-1/2"]
[WhiteElo "2080"]
[BlackElo "1982"]
[PlyCount "67"]
[EventDate "2019.10.26"]
[EventType "team-tourn"]
[EventRounds "11"]
[EventCountry "SVK"]
[SourceTitle "CBM 194 Extra"]
[Source "ChessBase"]
[SourceDate "2020.03.31"]
[SourceVersion "1"]
[SourceVersionDate "2020.03.31"]
[SourceQuality "1"]
[WhiteTeam "Bratislava Doprastav II"]
[BlackTeam "Bratislava Slovan V"]
[WhiteTeamCountry "SVK"]
[BlackTeamCountry "SVK"]

1. e4 c5 2. Nf3 d6 3. Nc3 Nf6 4. e5 dxe5 5. Nxe5 Nbd7 6. Nc4 Nb6 7. Ne3 Bd7 8. Be2 Bc6 9. Bf3 Qd7 10. b3 e6 11. a4 Be7 12. Bb2 Rd8 13. d3 0-0 14. 0-0 Rfe8 15. Re1 Bd6 16. g3 Be5 17. Rb1 Bd4 18. Ba1 Nbd5 19. Ncxd5 Nxd5 20. Nxd5 Bxd5 21. Qe2 Bxf3 22. Qxf3 Qd5 23. Qxd5 Rxd5 24. Kg2 h5 25. h4 a6 26. Rbd1 Red8 27. f4 b5 28. axb5 axb5 29. Bxd4 cxd4 30. Ra1 Rc8 31. Ra2 Kh7 32. Kf3 Kg6 33. Re2 Rc7 34. Ke4 1/2-1/2

[Event "SVK-chT2A 1920"]
[Site "Slovakia"]
[Date "2019.11.17"]
[Round "4.6"]
[White "Pozsar, Peter"]
[Black "Valovic, Matus"]
[Result "0-1"]
[WhiteElo "1846"]
[BlackElo "2007"]
[PlyCount "62"]
[EventDate "2019.10.26"]
[EventType "team-tourn"]
[EventRounds "11"]
[EventCountry "SVK"]
[SourceTitle "CBM 193 Extra"]
[Source "ChessBase"]
[SourceDate "2020.01.31"]
[SourceVersion "1"]
[SourceVersionDate "2020.01.31"]
[SourceQuality "1"]
[WhiteTeam "Senec"]
[BlackTeam "Bratislava Doprastav II"]
[WhiteTeamCountry "SVK"]
[BlackTeamCountry "SVK"]

1. c4 g6 2. g3 Bg7 3. Bg2 e6 4. Nc3 Ne7 5. d4 d5 6. e3 0-0 7. c5 b6 8. b4 Nd7 9. Ba3 c6 10. Rc1 b5 11. Nf3 f5 12. 0-0 h6 13. Nd2 g5 14. f4 Ng6 15. Nb3 a6 16. Na5 Qc7 17. Qh5 Kf7 18. fxg5 hxg5 19. Qxg5 Rh8 20. Nxd5 cxd5 21. Bxd5 Nf6 22. e4 exd5 23. exf5 Ne7 24. Rce1 Bh6 25. Rxe7+ Qxe7 26. Qg6+ Kf8 27. Nc6 Qf7 28. Ne5 Qxg6 29. Nxg6+ Kg7 30. Nxh8 Kxh8 31. h3 Bd7 0-1

[Event "SVK-ch U12"]
[Site "Stara Lubovna"]
[Date "2014.04.06"]
[Round "2"]
[White "Valovic, Matus"]
[Black "Matis, Daniel"]
[Result "1-0"]
[WhiteElo "1571"]
[BlackElo "1227"]
[PlyCount "49"]
[EventDate "2014.04.05"]
[EventType "swiss"]
[EventRounds "9"]
[EventCountry "SVK"]
[SourceTitle "EXT 2016"]
[Source "ChessBase"]
[SourceDate "2015.10.08"]
[SourceVersion "1"]
[SourceVersionDate "2015.10.08"]
[SourceQuality "1"]

1. d4 d5 2. c4 Nf6 3. e3 e6 4. Nf3 Nc6 5. Nc3 dxc4 6. Bxc4 Bb4 7. a3 Ba5 8. b4 Bb6 9. Na4 0-0 10. Nxb6 axb6 11. Bb2 Ne7 12. 0-0 Ned5 13. Re1 c6 14. Bxd5 exd5 15. h3 Bf5 16. Rc1 b5 17. Ne5 Rc8 18. Ra1 Nd7 19. a4 bxa4 20. Rxa4 Nxe5 21. dxe5 c5 22. bxc5 Rxc5 23. Qd4 Rb5 24. Rb4 Qd7 25. e6 1-0

[Event "SVK-ch U12"]
[Site "Stara Lubovna"]
[Date "2014.04.05"]
[Round "1"]
[White "Drab, Matus"]
[Black "Valovic, Matus"]
[Result "0-1"]
[WhiteElo "1106"]
[BlackElo "1571"]
[PlyCount "106"]
[EventDate "2014.04.05"]
[EventType "swiss"]
[EventRounds "9"]
[EventCountry "SVK"]
[SourceTitle "EXT 2016"]
[Source "ChessBase"]
[SourceDate "2015.10.08"]
[SourceVersion "1"]
[SourceVersionDate "2015.10.08"]
[SourceQuality "1"]

1. d4 Nf6 2. Nc3 d5 3. Bf4 a6 4. Nf3 Nc6 5. e3 Bg4 6. Be2 e6 7. h3 Bxf3 8. Bxf3 Bd6 9. Bxd6 Qxd6 10. 0-0 0-0 11. Re1 Rad8 12. e4 dxe4 13. Nxe4 Nxe4 14. Bxe4 Qxd4 15. Bxc6 Qxd1 16. Raxd1 bxc6 17. Kh2 Rd6 18. b4 Rfd8 19. Rxd6 Rxd6 20. c4 Kf8 21. c5 Rd2 22. a3 Rxf2 23. Rd1 Ke7 24. Kg3 Rc2 25. Kf3 Rc3+ 26. Ke4 Rxa3 27. Rd2 Rb3 28. Ra2 Rxb4+ 29. Kd3 Rb5 30. Kc4 a5 31. g4 h6 32. h4 Rb4+ 33. Kc3 Rxg4 34. Rxa5 Rxh4 35. Ra6 Kd7 36. Ra8 g5 37. Rf8 f5 38. Kd3 f4 39. Ke2 Rh3 40. Rf7+ Kd8 41. Kf2 Rc3 42. Rh7 Rxc5 43. Rxh6 Ke7 44. Rh7+ Kd6 45. Rh3 e5 46. Rd3+ Rd5 47. Rh3 Rd2+ 48. Ke1 Ra2 49. Rd3+ Ke6 50. Rc3 Kd5 51. Rh3 g4 52. Rb3 g3 53. Kf1 Rf2+ 0-1

[Event "SVK-ch U10"]
[Site "Lubovna"]
[Date "2013.04.08"]
[Round "4"]
[White "Valovic, Matus"]
[Black "Haring, Filip"]
[Result "0-1"]
[WhiteElo "1229"]
[BlackElo "1713"]
[PlyCount "68"]
[EventDate "2013.04.06"]
[EventType "swiss"]
[EventRounds "9"]
[EventCountry "SVK"]
[SourceTitle "CBM 153 Extra"]
[Source "ChessBase"]
[SourceDate "2013.04.22"]
[SourceVersion "1"]
[SourceVersionDate "2013.04.22"]
[SourceQuality "1"]

1. d4 d5 2. c4 c6 3. Nf3 Nf6 4. Nc3 e6 5. e3 Nbd7 6. cxd5 cxd5 7. Bd3 Bd6 8. 0-0 0-0 9. e4 dxe4 10. Nxe4 Nxe4 11. Bxe4 Nf6 12. Bd3 b6 13. Ng5 Bb7 14. f3 Qc7 15. f4 h6 16. Nf3 Bxf4 17. g3 Bd6 18. Qc2 Qd7 19. Be3 Rac8 20. Qd2 Nd5 21. Be4 Nb4 22. Bxb7 Qxb7 23. a3 Rc2 24. Qd1 Qe4 25. Bd2 Nd5 26. b4 Rfc8 27. Qe1 Qd3 28. a4 Bxb4 29. Bxb4 Nxb4 30. Rd1 Qc4 31. Ne5 Qa2 32. Rf2 f6 33. Ng6 Rxf2 34. Qxf2 Rc2 0-1

[Event "SVK-ch U10"]
[Site "Lubovna"]
[Date "2013.04.08"]
[Round "3"]
[White "Valovic, Matus"]
[Black "Piovar, Richard"]
[Result "1-0"]
[WhiteElo "1229"]
[BlackElo "1421"]
[PlyCount "133"]
[EventDate "2013.04.06"]
[EventType "swiss"]
[EventRounds "9"]
[EventCountry "SVK"]
[SourceTitle "CBM 153 Extra"]
[Source "ChessBase"]
[SourceDate "2013.04.22"]
[SourceVersion "1"]
[SourceVersionDate "2013.04.22"]
[SourceQuality "1"]

1. e4 e5 2. Nf3 Nc6 3. Bc4 Bc5 4. 0-0 Nf6 5. d3 d6 6. h3 Be6 7. Bb3 0-0 8. Bg5 Nd4 9. Nc3 h6 10. Bh4 c6 11. Nxd4 Bxd4 12. Na4 a5 13. Qd2 Bd7 14. c3 Ba7 15. c4 Bd4 16. Rac1 b6 17. Nc3 b5 18. Ne2 Bc5 19. a3 b4 20. a4 Bd4 21. Nxd4 exd4 22. Rce1 Qe7 23. c5 Qe5 24. cxd6 Ne8 25. Be7 Nxd6 26. Bxf8 Rxf8 27. f4 Qc5 28. Qc2 Qb6 29. f5 Kh8 30. Qd2 Re8 31. f6 g5 32. g4 Re5 33. Bd1 Kh7 34. Qf2 Kg6 35. Qg3 Re6 36. Bb3 Ne8 37. Bxe6 Bxe6 38. e5 Nc7 39. h4 Nd5 40. h5+ Kh7 41. Rf3 Ne3 42. Rfxe3 dxe3 43. Qxe3 Qxe3+ 44. Rxe3 Bxg4 45. Kg2 Bd7 46. d4 Be6 47. Kg3 Kg8 48. Kf2 Kf8 49. Ke2 Ke8 50. Kd3 Kd7 51. Ke4 Kc7 52. Rd3 Bd5+ 53. Kf5 Be6+ 54. Ke4 Bd5+ 55. Ke3 Bc4 56. Rd1 Bd5 57. Rg1 Kd7 58. Kf2 Ke8 59. Ke3 Kf8 60. Rc1 Ke8 61. Rc5 g4 62. Kf4 Kd7 63. Kxg4 Be6+ 64. Kf4 Bd5 65. Rxa5 c5 66. Rxc5 b3 67. Rxd5+ 1-0

[Event "SVK-ch U10"]
[Site "Lubovna"]
[Date "2013.04.06"]
[Round "1"]
[White "Valovic, Matus"]
[Black "Gabzdil, Juraj"]
[Result "1-0"]
[WhiteElo "1229"]
[BlackElo "1000"]
[PlyCount "121"]
[EventDate "2013.04.06"]
[EventType "swiss"]
[EventRounds "9"]
[EventCountry "SVK"]
[SourceTitle "CBM 153 Extra"]
[Source "ChessBase"]
[SourceDate "2013.04.22"]
[SourceVersion "1"]
[SourceVersionDate "2013.04.22"]
[SourceQuality "1"]

1. e4 e5 2. Nf3 Nc6 3. Bc4 d6 4. h3 Nf6 5. Nc3 Bd7 6. Ng5 Be6 7. Bxe6 fxe6 8. Nxe6 Qe7 9. Nb5 Rc8 10. Nxf8 Qxf8 11. d3 d5 12. exd5 Nxd5 13. Qg4 Ra8 14. c4 Nf6 15. Nxc7+ Kd8 16. Ne6+ Ke7 17. Nxf8 Nxg4 18. hxg4 Rhxf8 19. b3 Nb4 20. Ba3 a5 21. Bxb4+ axb4 22. Rxh7 Rf7 23. Ke2 Kf6 24. f3 Kg6 25. Rh5 Re8 26. Kd2 Rd7 27. Re1 Rde7 28. Kc2 Kf6 29. Kb2 g6 30. Rh6 Kg5 31. Reh1 Kf4 32. Rxg6 Re6 33. Rxe6 Rxe6 34. Rh7 Ke3 35. Kc2 Rd6 36. Rxb7 Rxd3 37. Rxb4 Rd2+ 38. Kc3 Rd3+ 39. Kb2 Rd2+ 40. Ka3 Rxg2 41. c5 Kxf3 42. c6 Rxg4 43. Rxg4 Kxg4 44. c7 e4 45. c8Q+ Kf3 46. Qb7 Kf4 47. Qxe4+ Kxe4 48. Kb4 Kd5 49. Kb5 Kd6 50. Kb6 Kd5 51. a4 Kd6 52. a5 Kd5 53. a6 Kd4 54. a7 Kc3 55. a8Q Kxb3 56. Qe4 Kc3 57. Kc5 Kd2 58. Kc4 Kc1 59. Qe2 Kb1 60. Kb3 Kc1 61. Qe1# 1-0